[Event "Muensterland Verbandsliga 1415"]
[Site "Germany"]
[Date "2014.12.20"]
[Round "5.7"]
[White "Stremmer, Hans Dieter"]
[Black "Wichmann, Norbert"]
[Result "1/2-1/2"]
[WhiteElo "1741"]
[BlackElo "1706"]
[PlyCount "97"]
[EventDate "2014.09.06"]
[EventType "team-tourn"]
[EventRounds "9"]
[EventCountry "GER"]
[SourceTitle "EXT 2016"]
[Source "ChessBase"]
[SourceDate "2015.10.08"]
[SourceVersion "1"]
[SourceVersionDate "2015.10.08"]
[SourceQuality "1"]
[WhiteTeam "Muenster IV"]
[BlackTeam "Muenster Indische Dame"]
[WhiteTeamCountry "GER"]
[BlackTeamCountry "GER"]

1. c4 Nf6 2. Nc3 e5 3. d3 Be7 4. Nf3 d6 5. Bg5 Nbd7 6. e3 h6 7. Bh4 g5 8. Bg3 c6 9. Be2 Nh5 10. Nd2 Nxg3 11. hxg3 Nf6 12. Nde4 Nxe4 13. Nxe4 d5 14. cxd5 cxd5 15. Nd2 Qb6 16. Rb1 0-0 17. 0-0 f5 18. Nf3 Bf6 19. d4 e4 20. Nd2 Qd6 21. b4 Bd7 22. Nb3 b6 23. Qd2 Be7 24. a3 Rac8 25. Rbc1 Ba4 26. Qb2 f4 27. gxf4 gxf4 28. Bg4 Rxc1 29. Nxc1 Qg6 30. Bh3 fxe3 31. fxe3 Rxf1+ 32. Kxf1 Bh4 33. Qe2 Qf6+ 34. Kg1 Bb5 35. Qg4+ Kf7 36. Kh2 Ke7 37. Ne2 Qd6+ 38. Nf4 Bg5 39. Kg3 a5 40. Qf5 Be8 41. Kf2 Bf7 42. g3 axb4 43. axb4 Qc6 44. Qe5+ Kd8 45. Qb8+ Ke7 46. Qe5+ Kd8 47. Qb8+ Ke7 48. Qe5+ Kd8 49. Qb8+ 1/2-1/2

[Event "Muensterland Verbandsklasse-A 1213"]
[Site "Germany"]
[Date "2013.02.16"]
[Round "6.8"]
[White "Schulze Oechtering, Matthias"]
[Black "Wichmann, Norbert"]
[Result "1-0"]
[WhiteElo "1827"]
[BlackElo "1673"]
[PlyCount "149"]
[EventDate "2012.09.15"]
[EventType "team-tourn"]
[EventRounds "9"]
[EventCountry "GER"]
[SourceTitle "EXT 2015"]
[Source "ChessBase"]
[SourceDate "2014.11.20"]
[SourceVersion "1"]
[SourceVersionDate "2014.11.20"]
[SourceQuality "1"]
[WhiteTeam "Neuenkirchen II"]
[BlackTeam "Muenster Indische Dame"]
[WhiteTeamCountry "GER"]
[BlackTeamCountry "GER"]

1. e4 d6 2. Nf3 Nd7 3. d4 c6 4. Bc4 Nb6 5. Bb3 a5 6. c3 a4 7. Bc2 d5 8. Bf4 Nf6 9. Nbd2 e6 10. 0-0 Be7 11. h3 dxe4 12. Nxe4 Nxe4 13. Bxe4 Nd5 14. Bh2 a3 15. Qc2 axb2 16. Qxb2 Ra3 17. Rfc1 Qa5 18. Bxd5 Qxd5 19. Ne5 f6 20. Nd3 0-0 21. Nb4 Qa5 22. Bc7 Qa8 23. Nc2 Ra4 24. Qb3 b5 25. Re1 Qb7 26. Bg3 Qd7 27. Re3 Qd5 28. Qxd5 cxd5 29. Re2 Bd7 30. Ne3 Kf7 31. Rae1 Re8 32. f3 Bf8 33. Rb1 Ra3 34. Nd1 Rea8 35. Rbb2 b4 36. cxb4 Ba4 37. Red2 Rc8 38. Nf2 Rc4 39. b5 Bb4 40. b6 Bc6 41. Rdc2 Rxc2 42. Rxc2 Bc3 43. Kh2 e5 44. dxe5 fxe5 45. Nd3 Ke6 46. Nc5+ Kf5 47. b7 Bxb7 48. Nxb7 d4 49. Nc5 Bb4 50. Ne4 d3 51. Rb2 Bc3 52. Nxc3 Rxc3 53. Be1 Rc1 54. g4+ Ke6 55. Bd2 Rd1 56. a4 Ra1 57. a5 Kd5 58. Kg3 Kc4 59. h4 g6 60. Kf2 Ra3 61. Ke3 Kd5 62. Rb7 h5 63. gxh5 gxh5 64. Rh7 Ke6 65. Rh6+ Kd5 66. Rxh5 Ke6 67. Rh6+ Kf5 68. Rd6 Ra4 69. h5 Rh4 70. h6 Rh2 71. a6 e4 72. fxe4+ Ke5 73. Rd5+ Ke6 74. a7 Rh3+ 75. Kd4 1-0

[Event "Muensterland Verbandsklasse-A 0910"]
[Site "Germany"]
[Date "2009.11.21"]
[Round "3.6"]
[White "Wichmann, Norbert"]
[Black "Pinno, Gregor"]
[Result "1-0"]
[WhiteElo "1807"]
[BlackElo "1856"]
[PlyCount "49"]
[EventDate "2009.09.19"]
[EventType "team-tourn"]
[EventRounds "9"]
[EventCountry "GER"]
[SourceTitle "EXT 2011"]
[Source "ChessBase"]
[SourceDate "2010.11.26"]
[SourceVersion "1"]
[SourceVersionDate "2010.11.26"]
[SourceQuality "1"]
[WhiteTeam "Muenster Indische Dame"]
[BlackTeam "Olfen"]
[WhiteTeamCountry "GER"]
[BlackTeamCountry "GER"]

1. d4 d5 2. Nf3 Nf6 3. c4 dxc4 4. Nc3 e6 5. e4 c5 6. Bxc4 a6 7. e5 Nd5 8. dxc5 Nxc3 9. Qxd8+ Kxd8 10. bxc3 Bxc5 11. Bg5+ Kc7 12. a4 Nc6 13. 0-0 Bd7 14. a5 h6 15. Be3 Bxe3 16. fxe3 Rhc8 17. Bd3 Be8 18. Ra3 Rd8 19. Be4 Rd7 20. Rb1 Rad8 21. Kf2 Rd1 22. Rb2 Rb8 23. Bxc6 Kxc6 24. Rb6+ Kd5 25. Rd6+ 1-0

[Event "Muensterland Verbandsklasse-B 0809"]
[Site "Germany"]
[Date "2009.02.28"]
[Round "7.5"]
[White "Langendijk, Andre"]
[Black "Wichmann, Norbert"]
[Result "0-1"]
[WhiteElo "1925"]
[BlackElo "1755"]
[PlyCount "66"]
[EventDate "2008.09.13"]
[EventType "team-tourn"]
[EventRounds "9"]
[EventCountry "GER"]
[SourceTitle "EXT 2010"]
[Source "ChessBase"]
[SourceDate "2010.11.25"]
[SourceVersion "1"]
[SourceVersionDate "2010.11.25"]
[SourceQuality "1"]
[WhiteTeam "Gronau"]
[BlackTeam "Muenster Indische Dame"]
[WhiteTeamCountry "GER"]
[BlackTeamCountry "GER"]

1. d4 Nf6 2. Bg5 c6 3. Nd2 d6 4. c3 Nbd7 5. Ngf3 h6 6. Bh4 g6 7. e3 Bg7 8. Bd3 0-0 9. Qc2 a5 10. h3 a4 11. g4 Nh7 12. Rg1 Re8 13. Ne4 Qa5 14. g5 h5 15. Ng3 e5 16. Bxg6 Nhf8 17. Bxf7+ Kxf7 18. Nxh5 e4 19. g6+ Nxg6 20. Ng5+ Kg8 21. Nxg7 Kxg7 22. Nxe4 Qf5 23. f3 d5 24. Rg5 Qe6 25. Kf2 dxe4 26. Rag1 Ndf8 27. f4 Qxh3 28. Bg3 Nh7 29. Re5 Nxe5 30. dxe5 Bf5 31. Rg2 Qh5 32. Kg1 Kf7 33. Rh2 Qf3 0-1

[Event "Muensterland Verbandsklasse-B 0708"]
[Site "Germany"]
[Date "2007.10.20"]
[Round "2.6"]
[White "Wichmann, Norbert"]
[Black "Hinze, Dennis"]
[Result "1/2-1/2"]
[WhiteElo "1781"]
[BlackElo "1672"]
[PlyCount "108"]
[EventDate "2007.09.15"]
[EventType "team"]
[EventRounds "9"]
[EventCountry "GER"]
[SourceTitle "EXT 2009"]
[Source "ChessBase"]
[SourceDate "2008.11.26"]
[SourceVersion "1"]
[SourceVersionDate "2008.11.26"]
[SourceQuality "1"]
[WhiteTeam "Muenster Indische Dame"]
[BlackTeam "Metelen"]
[WhiteTeamCountry "GER"]
[BlackTeamCountry "GER"]

1. d4 c6 2. Nf3 d5 3. Nbd2 f5 4. e3 Nf6 5. Bd3 e6 6. a3 Bd6 7. c4 Qe7 8. 0-0 a5 9. Qc2 Ne4 10. Ne5 Bxe5 11. dxe5 g5 12. Nxe4 dxe4 13. Be2 0-0 14. Bd2 Nd7 15. Bc3 a4 16. b4 axb3 17. Qxb3 Qc5 18. Qb4 b6 19. Bd4 Qxb4 20. axb4 Bb7 21. c5 b5 22. f3 exf3 23. gxf3 f4 24. Rxa8 Rxa8 25. Rd1 Nf8 26. exf4 gxf4 27. Bf2 Ra2 28. Kf1 Rb2 29. Rd4 Rb1+ 30. Be1 Kg7 31. Kf2 Kh6 32. Bd2 Ng6 33. Bxf4+ Nxf4 34. Rxf4 Kg5 35. Rd4 Rb3 36. h4+ Kf5 37. Rd7 Ba6 38. Rc7 Rxb4 39. Rxc6 Bb7 40. Rb6 Bd5 41. c6 Rb3 42. Rxb5 Rc3 43. Rb7 Kxe5 44. Rxh7 Bxc6 45. Rf7 Rc2 46. Ke3 Rc3+ 47. Kd2 Ra3 48. Rf8 Ra2+ 49. Ke3 Ra3+ 50. Bd3 Bb5 51. Rd8 Kf6 52. f4 Rxd3+ 53. Rxd3 Bxd3 54. Kxd3 e5 1/2-1/2

[Event "Muensterland Verbandsklasse-A 0506"]
[Site "Germany"]
[Date "2006.01.21"]
[Round "5.8"]
[White "Wichmann, Norbert"]
[Black "Spoeler, Gerd"]
[Result "1-0"]
[WhiteElo "1759"]
[BlackElo "1712"]
[PlyCount "159"]
[EventDate "2005.09.03"]
[EventType "team"]
[EventRounds "9"]
[EventCountry "GER"]
[SourceTitle "EXT 2006"]
[Source "ChessBase"]
[SourceDate "2005.11.24"]
[SourceVersion "1"]
[SourceVersionDate "2005.11.24"]
[SourceQuality "1"]
[WhiteTeam "Muenster Indische Dame"]
[BlackTeam "Heiden II"]
[WhiteTeamCountry "GER"]
[BlackTeamCountry "GER"]

1. d4 d5 2. Nf3 Nf6 3. c4 e6 4. e3 c6 5. Bd3 Nbd7 6. Qc2 Be7 7. 0-0 Qc7 8. Nbd2 e5 9. cxd5 Nxd5 10. Bc4 N7b6 11. Bb3 0-0 12. Ne4 h6 13. Bd2 exd4 14. exd4 Nf6 15. Rac1 Nfd5 16. g3 Kh8 17. Nc3 Be6 18. Nxd5 Nxd5 19. Rfe1 Rad8 20. Qe4 Bf6 21. Bc2 g6 22. Bxh6 Rfe8 23. Bg5 Bxg5 24. Nxg5 Nf6 25. Nxe6 Rxe6 26. Qh4+ Kg7 27. Rxe6 fxe6 28. Qg5 Qf7 29. Rd1 Rd5 30. Qf4 Qd7 31. b4 e5 32. Qg5 e4 33. Qe3 Qh3 34. f3 exf3 35. Qxf3 Ng4 36. Qe2 Qh5 37. Be4 Rg5 38. Bf3 Qh3 39. Qe7+ Kh6 40. Qf8+ Kh7 41. Qf7+ Kh6 42. Rd2 Rf5 43. Qb3 Rf6 44. Qd3 Re6 45. Qf1 Qxf1+ 46. Kxf1 Rf6 47. Kg2 Ne3+ 48. Kf2 Ng4+ 49. Ke2 Nxh2 50. Rd3 Kg5 51. Bg2 Ng4 52. Rf3 Re6+ 53. Kd2 Rd6 54. Rf4 Nf6 55. Bf3 Re6 56. a4 Rd6 57. Kd3 Nd7 58. a5 Ne5+ 59. Kc3 Nxf3 60. Rxf3 Rd5 61. Rf7 Rb5 62. Rg7 Kf5 63. Kc4 g5 64. Re7 Kg4 65. Re3 Kh3 66. Re5 Kxg3 67. Rxb5 cxb5+ 68. Kxb5 Kf4 69. a6 bxa6+ 70. Kc6 g4 71. d5 g3 72. d6 g2 73. d7 g1Q 74. d8Q Qg2+ 75. Kc7 Qc2+ 76. Kb8 Qc6 77. Qd4+ Kf5 78. Qc5+ Qxc5 79. bxc5 a5 80. c6 1-0

[Event "Muensterland Verbandsklasse-A 0304"]
[Site "Germany"]
[Date "2003.12.13"]
[Round "4.8"]
[White "Wichmann, Norbert"]
[Black "Fromme, Thorben"]
[Result "0-1"]
[WhiteElo "1737"]
[BlackElo "1737"]
[PlyCount "82"]
[EventDate "2003.09.20"]
[EventType "team"]
[EventRounds "9"]
[EventCountry "GER"]
[SourceTitle "EXT 2005"]
[Source "ChessBase"]
[SourceDate "2004.11.15"]
[SourceVersion "1"]
[SourceVersionDate "2004.11.15"]
[SourceQuality "1"]
[WhiteTeam "Muenster Indische Dame"]
[BlackTeam "Muenster V"]
[WhiteTeamCountry "GER"]
[BlackTeamCountry "GER"]

1. d4 Nf6 2. c4 c5 3. e3 cxd4 4. exd4 d5 5. Nf3 e6 6. Bd3 dxc4 7. Bxc4 Nbd7 8. 0-0 Be7 9. Nc3 a6 10. Qe2 b5 11. Bb3 Bb7 12. Ng5 Nf8 13. Rd1 Nd5 14. Nge4 Ng6 15. Nxd5 Bxd5 16. Qd3 0-0 17. Be3 Nh4 18. Bxd5 Qxd5 19. f3 Nf5 20. Nc3 Qb7 21. Bf2 Nd6 22. Rd2 Nc4 23. Re2 Rad8 24. Rd1 Rd7 25. b3 Nb6 26. Qe4 Nd5 27. Rc2 Rfd8 28. Ne2 Bf6 29. g3 g6 30. h4 Bg7 31. g4 Rd6 32. a3 f5 33. Qd3 fxg4 34. fxg4 e5 35. Qe4 exd4 36. Bxd4 Bxd4+ 37. Rxd4 Qb6 38. Rcd2 Nc3 39. Nxc3 Rxd4 40. Rxd4 Qxd4+ 41. Kg2 Qxc3 0-1